| 000 | 00463cam a2200181ua 4500 | ||
|---|---|---|---|
| 020 | _cRs.295 | ||
| 041 |
_aeng _h |
||
| 082 |
_a611.8 _bFRE/NE |
||
| 100 | _aJames , A Freeman . | ||
| 245 |
_aNeural Networks / _cFreeman James A Skapura David M. _hTextual Documents |
||
| 260 |
_a : _bPearson Education Asia , _c2004. |
||
| 300 | _a401 ; . | ||
| 365 | _aRs.295 | ||
| 504 | _a | ||
| 700 | 1 | _aDavid, M Skapura . | |
| 942 | _cBK | ||
| 999 |
_c12371 _d12371 |
||